00751 2200217 4500001002100000005001700021008004100038035002400079082001400103090001900117245014900136260007400285300002100359500002700380650003300407700004700440850001200487980001300499985000600512999001500518YOGYA-0209000001878420090227022915.0 ind  0010-020900000018784 a392.09927 a392.09927bUpa aUPACARA tradisional yang berkaitan dengan peristiwa alam dan kepercayaan daerah MalukucT.JA.Unebutty...[et.al];editor, H.Ahmad Yunus, Suradi.Hp aJakartabProyek Inventarisasi dan Dokumentasi Kebudayaan Daerahc1985 ax,273 hlmc23 cm aBibliografi : hlm. 270 aUpacara tradisional - Maluku aUNEPUTTY, T.J.A Yunus, H. Ahmad SURADI, Hp aYOPDYOG a17-02-06 a1 aA000000476